00757nam a22002057a 450000500170000001000150001702000330003203500140006503700090007908200190008824500590010725000060016626000410017227000980021330000270031149000060033894200300034499900190037495201580039320250902163345.0 aENG-146569 c300.00a9789348521965(Vol 1) aEN-130101 bDBAD a796.522092421 aHandbook of Mountaineering:bSahyadri & Rock Climbing/ a1 aShaniwar PethbRohan Prakashanc2025 aDhavalgiri Apartments, 430 Shaniwar PethbPunee411030mrohanprakashan@gmail.comk02223892378 a211p.c21cm(pb)bIndex v1 2ddccENmHANh796.5220924 c213259d213259 001040708NFICaMbMd2025-09-02eDelivery of Books Act Divisiong300.00l0oHAN 796.5220924pEN-130101r2025-09-02 00:00:00t1v300.00w2025-09-02yEN